|
|
|
|
| LEADER |
00000nam a2200000 i 4500 |
| 001 |
DIGBRUJ217 |
| 003 |
NyNyDIG |
| 008 |
200505s2016 ag a ob 001 0 spa d |
| 006 |
m o d |
| 007 |
cr ||||||||||| |
| 035 |
|
|
|a (OCoLC)964302251
|
| 040 |
|
|
|a DGITA
|b eng
|e rda
|e pn
|c DGITA
|
| 020 |
|
|
|a 9789875917651
|q eBook
|q pdf
|
| 020 |
|
|
|a 9875917656
|q eBook
|q pdf
|
| 020 |
|
|
|z 9789875910225
|
| 020 |
|
|
|z 9875910228
|
| 043 |
|
|
|a s-ag---
|
| 050 |
1 |
4 |
|a N6635 ebook
|
| 082 |
0 |
4 |
|a 709.820904
|
| 100 |
1 |
|
|a Gutnisky, Gabriel F.,
|d 1953-
|e author.
|
| 245 |
1 |
0 |
|a Impecable-implacable :
|b marcas de la contemporaneidad en el arte /
|c Gabriel F. Gutnisky.
|
| 264 |
|
1 |
|a Córdoba, Argentina :
|b Editorial Brujas,
|c [2016]
|
| 300 |
|
|
|a 1 online resource :
|b illustrations.
|
| 336 |
|
|
|a text
|b txt
|2 rdacontent
|
| 337 |
|
|
|a computer
|b c
|2 rdamedia
|
| 338 |
|
|
|a online resource
|b cr
|2 rdacarrier
|
| 347 |
|
|
|a text file
|2 rdaft
|
| 347 |
|
|
|b PDF
|
| 504 |
|
|
|a Includes bibliographical references and index.
|
| 588 |
0 |
|
|a Online resource; title from PDF title page (Digitalia, viewed May 5, 2020)
|
| 650 |
|
0 |
|a Art, Argentine
|y 20th century.
|
| 650 |
|
0 |
|a Artists
|z Argentina
|y 20th century.
|
| 655 |
|
0 |
|a Electronic books.
|
| 791 |
2 |
|
|a Digitalia (Firm),
|e distributor.
|
| 793 |
0 |
|
|g Digitalia eBook Collection:
|a Editorial Brujas
|
| 776 |
0 |
8 |
|i Print version:
|a Gutnisky, Gabriel F., 1953-
|t Impecable-implacable.
|b 1o edición.
|d Córdoba, Argentina : Editorial Brujas, 2006
|z 9789875910225
|w (OCoLC)70875283
|
| 856 |
4 |
0 |
|3 Digitalia Hispánica
|u https://www.digitaliapublishing.com/a/41911/
|
| 910 |
|
|
|a Premium collection: 2020
|